000 00446nam a2200181Ia 4500
001 22465
005 20260414150833.0
008 260414t2011||||xx |||||||||||||| ||spa||
041 _aESP
082 _a621.3815
_bB78
100 _aBoylestad, Robert L.
_eAUT
245 0 _aIntroducción al análisis de circuitos
_b
260 _c2011
300 _axi, 914 páginas :
_c27 cm.
650 _aTCA
654 _aCET
942 _cLIB
_dJUS
_fJUS
_2ddc
_n
999 _c22465
_d22465